[Event "Olimpiada de Khanty-Mansiysk 2010"]
[Site "Khanty-Mansiysk RUS"]
[Date "2010.09.23"]
[Round "3.1"]
[White "Michiels, Bart"]
[Black "Kulaots, Kaido"]
[Result "1/2-1/2"]
[WhiteElo "2459"]
[BlackElo "2592"]
[PlyCount "76"]
[EventDate "2010.09.21"]
[EventType "team"]
[EventRounds "11"]
[EventCountry "RUS"]
[Source "lmi"]
[SourceDate "2010.09.21"]
[WhiteTeam "Bélgica"]
[BlackTeam "Estonia"]
[WhiteTeamCountry "BEL"]
[BlackTeamCountry "EST"]

1. e4 c5 2. Nf3 d6 3. d4 cxd4 4. Nxd4 Nf6 5. Nc3 a6 6. Bc4 e6 7. O-O Be7 8. a4
O-O 9. Be3 Nc6 10. Qe2 Qc7 11. Ba2 Bd7 12. f4 Rab8 13. f5 e5 14. Nxc6 bxc6 15.
Qxa6 Rxb2 16. Bb3 d5 17. exd5 cxd5 18. Nxd5 Nxd5 19. Bxd5 Bc5 20. Qd3 Rxc2 21.
f6 Bxe3+ 22. Qxe3 Qc5 23. Qxc5 Rxc5 24. fxg7 Kxg7 25. Bb3 f5 26. Rfd1 Bc6 27.
Rdc1 Rxc1+ 28. Rxc1 Be4 29. Rc7+ Kf6 30. Bc2 Bxc2 31. Rxc2 Ra8 32. Ra2 Ra5 33.
Kf2 f4 34. g3 Kf5 35. Ra3 e4 36. gxf4 Kxf4 37. Rh3 Rxa4 38. Rh4+ Ke5 1/2-1/2

[Event "Olimpiada de Khanty-Mansiysk 2010"]
[Site "Khanty-Mansiysk RUS"]
[Date "2010.09.23"]
[Round "3.2"]
[White "Kanep, Meelis"]
[Black "Saibulatov, Daniyal"]
[Result "1-0"]
[WhiteElo "2532"]
[BlackElo "2400"]
[PlyCount "73"]
[EventDate "2010.09.21"]
[EventType "team"]
[EventRounds "11"]
[EventCountry "RUS"]
[Source "lmi"]
[SourceDate "2010.09.21"]
[WhiteTeam "Estonia"]
[BlackTeam "Bélgica"]
[WhiteTeamCountry "EST"]
[BlackTeamCountry "BEL"]

1. Nf3 d5 2. d4 c6 3. c4 Nf6 4. Qb3 g6 5. Nc3 dxc4 6. Qxc4 Bg7 7. e4 O-O 8. Be2
b6 9. Qb3 Be6 10. Qc2 Bg4 11. Be3 Nbd7 12. O-O Bxf3 13. Bxf3 e5 14. Rad1 Qe7
15. h3 h6 16. dxe5 Nxe5 17. Be2 g5 18. f4 gxf4 19. Bxf4 Rad8 20. Rxd8 Rxd8 21.
Bg3 Nh7 22. Rf5 Nf8 23. Nd1 Nfg6 24. Ne3 Qb4 25. Nc4 b5 26. a3 Qe7 27. Ne3 Rd6
28. Rf2 Qg5 29. Nf5 Rd2 30. Qc3 Rd3 31. Bxd3 Nf3+ 32. Rxf3 Bxc3 33. bxc3 h5 34.
Kh2 Qc1 35. e5 Qxa3 36. Nh6+ Kg7 37. Rxf7+ 1-0

[Event "Olimpiada de Khanty-Mansiysk 2010"]
[Site "Khanty-Mansiysk RUS"]
[Date "2010.09.23"]
[Round "3.4"]
[White "Volodin, Aleksandr"]
[Black "Vandenbussche, Thibaut"]
[Result "1/2-1/2"]
[WhiteElo "2433"]
[BlackElo "2333"]
[PlyCount "151"]
[EventDate "2010.09.21"]
[EventType "team"]
[EventRounds "11"]
[EventCountry "RUS"]
[Source "lmi"]
[SourceDate "2010.09.21"]
[WhiteTeam "Estonia"]
[BlackTeam "Bélgica"]
[WhiteTeamCountry "EST"]
[BlackTeamCountry "BEL"]

1. d4 d6 2. c4 e5 3. Nf3 Nd7 4. g3 g6 5. Bg2 Bg7 6. O-O Ne7 7. Nc3 O-O 8. e4
exd4 9. Nxd4 Nc6 10. Nde2 a5 11. b3 a4 12. Be3 Nc5 13. Rb1 axb3 14. axb3 Nb4
15. Bd4 Re8 16. Bxg7 Kxg7 17. Nf4 c6 18. Qd2 Qf6 19. Rfd1 Qe5 20. Nce2 Nba6 21.
f3 f5 22. b4 Ne6 23. Qxd6 Qxd6 24. Rxd6 fxe4 25. fxe4 Ng5 26. Nc3 Nf7 27. Rd4
Nxb4 28. c5 Nc2 29. Ra4 Rxa4 30. Nxa4 g5 31. Ne2 Ne3 32. Nb6 Bg4 33. Nc3 Rd8
34. Rb2 Ne5 35. h3 Nd1 36. Rb3 Rd3 37. hxg4 Nxc3 38. Rb2 Rxg3 39. Nc8 Nxg4 40.
Nd6 Ne3 41. Nf5+ Nxf5 42. Rxb7+ Kf6 43. exf5 Nd5 44. Kf2 Rc3 45. Rxh7 Rxc5 46.
Bh3 Rc2+ 47. Kf3 Rc3+ 48. Kf2 Ke5 49. Ke1 Nf6 50. Re7+ Kf4 51. Re6 Re3+ 52. Kf1
Rxe6 53. fxe6 Ke5 54. Ke2 Nd5 55. Kf2 Kd6 56. Kf3 Nf4 57. Bg4 Nxe6 58. Ke4 Nd8
59. Kf5 Nf7 60. Bd1 Kc5 61. Bb3 Nd6+ 62. Kxg5 Kd4 63. Kg4 Ne4 64. Kf4 c5 65.
Bf7 Nc3 66. Kf3 Nd5 67. Ke2 Nc3+ 68. Kd2 Ne4+ 69. Kc2 Nd6 70. Bg8 Nf5 71. Bf7
Ne3+ 72. Kd2 Nf1+ 73. Kc2 Ne3+ 74. Kd2 Nd5 75. Bxd5 Kxd5 76. Kd3 1/2-1/2

[Event "Olimpiada de Khanty-Mansiysk 2010"]
[Site "Khanty-Mansiysk RUS"]
[Date "2010.09.23"]
[Round "3.4"]
[White "Berkes, Ferenc"]
[Black "Votava, Jan"]
[Result "1-0"]
[WhiteElo "2678"]
[BlackElo "2579"]
[PlyCount "69"]
[EventDate "2010.09.21"]
[EventType "team"]
[EventRounds "11"]
[EventCountry "RUS"]
[Source "lmi"]
[SourceDate "2010.09.21"]
[WhiteTeam "Hungría"]
[BlackTeam "Chequia"]
[WhiteTeamCountry "HUN"]
[BlackTeamCountry "CZE"]

1. c4 c5 2. Nc3 Nf6 3. g3 Nc6 4. Bg2 g6 5. d3 Bg7 6. e4 d6 7. Nge2 h5 8. h3 e5
9. f4 Be6 10. O-O Qd7 11. Kh2 Nh7 12. Nd5 O-O-O 13. Nec3 Kb8 14. Rb1 h4 15. g4
exf4 16. Bxf4 Be5 17. Qd2 Bxf4+ 18. Qxf4 Ne5 19. b4 Nxd3 20. Qe3 Ne5 21. bxc5
Rc8 22. Rb5 Rxc5 23. Rfb1 Rhc8 24. Rxb7+ Qxb7 25. Rxb7+ Kxb7 26. Nb5 Rxb5 27.
cxb5 Rc2 28. Qb3 Rc5 29. Qa4 Bxd5 30. Qa6+ Kc7 31. exd5 Ng5 32. Qxa7+ Kd8 33.
Qa4 Nc4 34. b6 Nxb6 35. Qf4 1-0

[Event "Olimpiada de Khanty-Mansiysk 2010"]
[Site "Khanty-Mansiysk RUS"]
[Date "2010.09.23"]
[Round "3.1"]
[White "Caruana, Fabiano"]
[Black "Kramnik, Vladimir"]
[Result "1/2-1/2"]
[WhiteElo "2700"]
[BlackElo "2780"]
[PlyCount "91"]
[EventDate "2010.09.21"]
[EventType "team"]
[EventRounds "11"]
[EventCountry "RUS"]
[Source "lmi"]
[SourceDate "2010.09.21"]
[WhiteTeam "Italia"]
[BlackTeam "RU1"]
[WhiteTeamCountry "ITA"]

1. e4 e5 2. Nf3 Nc6 3. Bb5 Nf6 4. O-O Nxe4 5. d4 Nd6 6. Bxc6 dxc6 7. dxe5 Nf5
8. Qxd8+ Kxd8 9. Nc3 Ke8 10. h3 h5 11. Rd1 Be7 12. Ne2 Be6 13. Nf4 Bc8 14. Ne2
Be6 15. Ned4 Rd8 16. Bf4 Nxd4 17. Nxd4 Bc8 18. e6 Bxe6 19. Bxc7 Rd5 20. c4 Rd7
21. Nxe6 fxe6 22. Bb8 Bc5 23. Rxd7 Kxd7 24. Rd1+ Kc8 25. Be5 Rf8 26. Rd2 g6 27.
Kf1 Rd8 28. Rxd8+ Kxd8 29. Ke2 Ke7 30. Kf3 a6 31. b3 b5 32. Kg3 bxc4 33. bxc4
Kf7 34. Kf3 Ke7 35. a4 Kf7 36. Bg3 Bd4 37. Ke4 e5 38. f3 Ke6 39. Bh2 Bb2 40.
Bg1 Ba3 41. Bb6 Bb4 42. g4 Ba3 43. Bc7 Bb2 44. Bb8 Bc3 45. Ba7 Bb4 46. Be3
1/2-1/2

[Event "Olimpiada de Khanty-Mansiysk 2010"]
[Site "Khanty-Mansiysk RUS"]
[Date "2010.09.23"]
[Round "3.3"]
[White "Brunello, Sabino"]
[Black "Svidler, Peter"]
[Result "1/2-1/2"]
[WhiteElo "2497"]
[BlackElo "2731"]
[PlyCount "61"]
[EventDate "2010.09.21"]
[EventType "team"]
[EventRounds "11"]
[EventCountry "RUS"]
[Source "lmi"]
[SourceDate "2010.09.21"]
[WhiteTeam "Italia"]
[BlackTeam "RU1"]
[WhiteTeamCountry "ITA"]

1. d4 Nf6 2. c4 g6 3. Nc3 d5 4. Bf4 Bg7 5. e3 c5 6. dxc5 Qa5 7. Rc1 dxc4 8.
Bxc4 O-O 9. Nf3 Nc6 10. O-O Qxc5 11. Bb3 Qa5 12. h3 Bf5 13. Qe2 Ne4 14. Nd5 e5
15. Rxc6 bxc6 16. Ne7+ Kh8 17. Nxc6 Qb6 18. Ncxe5 Be6 19. Bxe6 Qxe6 20. Qc2 f5
21. Qa4 a6 22. Rd1 Rad8 23. Rxd8 Rxd8 24. Nd4 Qe8 25. Qa5 Rc8 26. Qd5 Rc5 27.
Nf7+ Kg8 28. Nh6+ Kh8 29. Nf7+ Kg8 30. Nh6+ Kh8 31. Nf7+ 1/2-1/2

[Event "Olimpiada de Khanty-Mansiysk 2010"]
[Site "Khanty-Mansiysk RUS"]
[Date "2010.09.23"]
[Round "3.4"]
[White "Karjakin, Sergey"]
[Black "Rombaldoni, Denis"]
[Result "1-0"]
[WhiteElo "2747"]
[BlackElo "2501"]
[PlyCount "57"]
[EventDate "2010.09.21"]
[EventType "team"]
[EventRounds "11"]
[EventCountry "RUS"]
[Source "lmi"]
[SourceDate "2010.09.21"]
[WhiteTeam "RU1"]
[BlackTeam "Italia"]
[BlackTeamCountry "ITA"]

1. e4 c5 2. Nf3 d6 3. d4 cxd4 4. Nxd4 Nf6 5. Nc3 Nc6 6. Bg5 e6 7. Qd2 a6 8.
O-O-O Nxd4 9. Qxd4 Be7 10. f4 b5 11. Bxf6 gxf6 12. f5 Bd7 13. Kb1 Qc7 14. Qd2
Qc5 15. fxe6 fxe6 16. Ne2 Rc8 17. Nf4 O-O 18. Be2 a5 19. Rhf1 b4 20. Bh5 Kh8
21. Rf3 Rg8 22. Bf7 Rg4 23. Bxe6 Rxf4 24. Bxd7 Rxf3 25. gxf3 Rg8 26. Bg4 Qg5
27. Qf2 h5 28. Rd5 Qf4 29. Rf5 1-0

[Event "Olimpiada de Khanty-Mansiysk 2010"]
[Site "Khanty-Mansiysk RUS"]
[Date "2010.09.23"]
[Round "3.3"]
[White "Bu, Xiangzhi"]
[Black "Hamitevici, Vladimir"]
[Result "1-0"]
[WhiteElo "2695"]
[BlackElo "2415"]
[PlyCount "81"]
[EventDate "2010.09.21"]
[EventType "team"]
[EventRounds "11"]
[EventCountry "RUS"]
[Source "lmi"]
[SourceDate "2010.09.21"]
[WhiteTeam "China"]
[BlackTeam "Moldavia"]
[WhiteTeamCountry "CHN"]
[BlackTeamCountry "MDA"]

1. Nf3 c5 2. c4 Nc6 3. d4 cxd4 4. Nxd4 e6 5. Nb5 Nf6 6. Bf4 Bb4+ 7. N1c3 O-O 8.
Bd6 Bxd6 9. Nxd6 Ne8 10. e3 Qb6 11. Rb1 Qb4 12. Nde4 f5 13. Ng3 b6 14. Be2 Qe7
15. O-O Bb7 16. Qd2 Rd8 17. Rbd1 Qh4 18. Nb5 Rf6 19. Nd6 Rh6 20. h3 Nxd6 21.
Qxd6 Ne5 22. Qxe5 Bxg2 23. Nh5 Rxh5 24. Bxh5 Bxh3 25. Be2 Qg5+ 26. Qg3 Qxg3+
27. fxg3 Bxf1 28. Kxf1 Kf7 29. Rd3 d6 30. Ra3 Rd7 31. b4 Rc7 32. Ra6 Kf6 33. a4
Rb7 34. a5 bxa5 35. b5 Ke7 36. Rxa5 g6 37. Ra6 Rc7 38. c5 dxc5 39. Bc4 e5 40.
Re6+ Kd7 41. Rxe5 1-0

[Event "Olimpiada de Khanty-Mansiysk 2010"]
[Site "Khanty-Mansiysk RUS"]
[Date "2010.09.23"]
[Round "3.1"]
[White "Esen, Baris"]
[Black "Aronian, Levon"]
[Result "0-1"]
[WhiteElo "2538"]
[BlackElo "2783"]
[PlyCount "54"]
[EventDate "2010.09.21"]
[EventType "team"]
[EventRounds "11"]
[EventCountry "RUS"]
[Source "lmi"]
[SourceDate "2010.09.21"]
[WhiteTeam "Turquía"]
[BlackTeam "Armenia"]
[WhiteTeamCountry "TUR"]
[BlackTeamCountry "ARM"]

1. d4 Nf6 2. c4 g6 3. Nf3 Bg7 4. g3 d5 5. cxd5 Nxd5 6. Bg2 Nb6 7. Nc3 Nc6 8. e3
O-O 9. O-O Re8 10. Re1 a5 11. Qe2 Be6 12. Rd1 Bc4 13. Qc2 a4 14. Qb1 Nb4 15. e4
c5 16. d5 a3 17. h4 Ba6 18. h5 axb2 19. Bxb2 Nc4 20. Bf1 Nxb2 21. Qxb2 Bxf1 22.
Kxf1 Qb6 23. Qd2 Qf6 24. Kg2 Qxc3 25. Qf4 Nd3 26. Rxd3 Qxd3 27. Rh1 e5 0-1

[Event "Olimpiada de Khanty-Mansiysk 2010"]
[Site "Khanty-Mansiysk RUS"]
[Date "2010.09.23"]
[Round "3.2"]
[White "Akopian, Vladimir"]
[Black "Can, Emre"]
[Result "1-0"]
[WhiteElo "2691"]
[BlackElo "2500"]
[PlyCount "89"]
[EventDate "2010.09.21"]
[EventType "team"]
[EventRounds "11"]
[EventCountry "RUS"]
[Source "lmi"]
[SourceDate "2010.09.21"]
[WhiteTeam "Armenia"]
[BlackTeam "Turquía"]
[WhiteTeamCountry "ARM"]
[BlackTeamCountry "TUR"]

1. d4 Nf6 2. c4 g6 3. Nf3 Bg7 4. g3 O-O 5. Bg2 d6 6. O-O Nc6 7. Nc3 Bf5 8. b3
Ne4 9. Nd5 Bd7 10. Bb2 e6 11. Nf4 f5 12. Nd2 Ng5 13. e3 e5 14. dxe5 dxe5 15.
Nd5 Rb8 16. Qc2 a5 17. Rad1 Nb4 18. Nxb4 axb4 19. f4 Nf7 20. Bd5 exf4 21. exf4
Bc6 22. Nf3 Qe7 23. Bxg7 Kxg7 24. Nd4 Qe3+ 25. Kg2 Rfe8 26. Rf3 Bxd5 27. cxd5
Qe4 28. Qb2 Kg8 29. Ne6 Rxe6 30. dxe6 Qxe6 31. Qc2 Re8 32. Rff1 Nd6 33. Rfe1
Qxe1 34. Rxe1 Rxe1 35. Qxc7 Rd1 36. Kf3 h5 37. Ke2 Rd4 38. Qb6 Rd5 39. Qxb4 Kf7
40. a4 Ke6 41. Qc3 Kf7 42. b4 Ne8 43. Qc8 Nd6 44. Qc7+ Kf6 45. b5 1-0

[Event "Olimpiada de Khanty-Mansiysk 2010"]
[Site "Khanty-Mansiysk RUS"]
[Date "2010.09.23"]
[Round "3.3"]
[White "Yilmaz, Mustafa"]
[Black "Sargissian, Gabriel"]
[Result "1/2-1/2"]
[WhiteElo "2482"]
[BlackElo "2677"]
[PlyCount "83"]
[EventDate "2010.09.21"]
[EventType "team"]
[EventRounds "11"]
[EventCountry "RUS"]
[Source "lmi"]
[SourceDate "2010.09.21"]
[WhiteTeam "Turquía"]
[BlackTeam "Armenia"]
[WhiteTeamCountry "TUR"]
[BlackTeamCountry "ARM"]

1. e4 c6 2. d4 d5 3. exd5 cxd5 4. c4 Nf6 5. Nc3 e6 6. Nf3 Bb4 7. cxd5 Nxd5 8.
Bd2 Nc6 9. Bd3 Be7 10. O-O O-O 11. Re1 Bf6 12. Nxd5 exd5 13. Qc2 g6 14. Bh6 Re8
15. Rxe8+ Qxe8 16. Re1 Be6 17. Qd2 Qb8 18. Bb5 Qd6 19. Bf4 Qb4 20. Bxc6 Qxd2
21. Bxd2 bxc6 22. Rc1 Rc8 23. Be3 Bg7 24. h3 f6 25. Nd2 Bf8 26. Nb3 Kf7 27. Na5
Bd7 28. a3 h5 29. h4 Be7 30. Rc3 Rb8 31. b4 Rc8 32. Bf4 g5 33. hxg5 fxg5 34.
Be5 h4 35. f3 a6 36. Kf2 Rg8 37. Nb7 g4 38. fxg4 Rxg4 39. Rf3+ Kg6 40. Na5 Bd8
41. Nb3 Be7 42. Na5 1/2-1/2

[Event "Olimpiada de Khanty-Mansiysk 2010"]
[Site "Khanty-Mansiysk RUS"]
[Date "2010.09.23"]
[Round "3.4"]
[White "Pashikian, Arman"]
[Black "Erdogdu, Mert"]
[Result "1-0"]
[WhiteElo "2639"]
[BlackElo "2428"]
[PlyCount "80"]
[EventDate "2010.09.21"]
[EventType "team"]
[EventRounds "11"]
[EventCountry "RUS"]
[Source "lmi"]
[SourceDate "2010.09.21"]
[WhiteTeam "Armenia"]
[BlackTeam "Turquía"]
[WhiteTeamCountry "ARM"]
[BlackTeamCountry "TUR"]

1. d4 Nf6 2. Nf3 g6 3. c4 Bg7 4. g3 d6 5. Bg2 O-O 6. O-O Nc6 7. Nc3 a6 8. d5
Na5 9. Nd2 c5 10. Rb1 Rb8 11. b3 Bf5 12. e4 Bd7 13. Bb2 e5 14. Ne2 h5 15. h3 h4
16. g4 Nh7 17. Qc2 b6 18. Bc3 Qe7 19. Qb2 f5 20. gxf5 gxf5 21. f4 Nb7 22. Rbe1
Rbe8 23. Kh1 Nf6 24. fxe5 dxe5 25. exf5 Nh5 26. Bf3 Rxf5 27. Rg1 Nd6 28. Bxh5
Rxh5 29. Nf4 Rg5 30. Nf3 Rxg1+ 31. Rxg1 Nf5 32. Nh5 Ng3+ 33. Nxg3 hxg3 34. Rxg3
Kh8 35. Rg5 Qf7 36. Qg2 Bf5 37. Qg3 Be4 38. Qh4+ Bh7 39. Qg4 Bd3 40. Rh5+ Bh7
1-0

[Event "Olimpiada de Khanty-Mansiysk 2010"]
[Site "Khanty-Mansiysk RUS"]
[Date "2010.09.23"]
[Round "3.1"]
[White "Van Wely, Loek"]
[Black "Movsesian, Sergei"]
[Result "1/2-1/2"]
[WhiteElo "2679"]
[BlackElo "2723"]
[PlyCount "28"]
[EventDate "2010.09.21"]
[EventType "team"]
[EventRounds "11"]
[EventCountry "RUS"]
[Source "lmi"]
[SourceDate "2010.09.21"]
[WhiteTeam "Holanda"]
[BlackTeam "Eslovaquia"]
[WhiteTeamCountry "NED"]
[BlackTeamCountry "SVK"]

1. d4 Nf6 2. c4 e6 3. Nc3 Bb4 4. Qc2 O-O 5. a3 Bxc3+ 6. Qxc3 d5 7. Nf3 dxc4 8.
Qxc4 b6 9. Bf4 Ba6 10. Qxc7 Qd5 11. Qd6 Qb3 12. Qb4 Qd5 13. Qd6 Qb3 14. Qb4 Qd5
1/2-1/2

[Event "Olimpiada de Khanty-Mansiysk 2010"]
[Site "Khanty-Mansiysk RUS"]
[Date "2010.09.23"]
[Round "3.3"]
[White "L'Ami, Erwin"]
[Black "Markos, Jan"]
[Result "1/2-1/2"]
[WhiteElo "2624"]
[BlackElo "2566"]
[PlyCount "45"]
[EventDate "2010.09.21"]
[EventType "team"]
[EventRounds "11"]
[EventCountry "RUS"]
[Source "lmi"]
[SourceDate "2010.09.21"]
[WhiteTeam "Holanda"]
[BlackTeam "Eslovaquia"]
[WhiteTeamCountry "NED"]
[BlackTeamCountry "SVK"]

1. d4 Nf6 2. c4 e6 3. Nf3 Bb4+ 4. Bd2 Qe7 5. g3 Nc6 6. Nc3 Bxc3 7. Bxc3 Ne4 8.
Rc1 O-O 9. Bg2 d6 10. d5 Nxc3 11. Rxc3 Nd8 12. O-O e5 13. c5 dxc5 14. Qc2 e4
15. Nd2 f5 16. f3 exf3 17. Bxf3 c6 18. Rxc5 Bd7 19. Rc3 Kh8 20. e4 cxd5 21.
exd5 Nf7 22. Bg2 Nd6 23. Nf3 1/2-1/2

[Event "Olimpiada de Khanty-Mansiysk 2010"]
[Site "Khanty-Mansiysk RUS"]
[Date "2010.09.23"]
[Round "3.2"]
[White "Sutovsky, Emil"]
[Black "Fressinet, Laurent"]
[Result "1/2-1/2"]
[WhiteElo "2665"]
[BlackElo "2718"]
[PlyCount "96"]
[EventDate "2010.09.21"]
[EventType "team"]
[EventRounds "11"]
[EventCountry "RUS"]
[Source "lmi"]
[SourceDate "2010.09.21"]
[WhiteTeam "Israel"]
[BlackTeam "Francia"]
[WhiteTeamCountry "ISR"]
[BlackTeamCountry "FRA"]

1. e4 e5 2. Nf3 Nc6 3. Bb5 Nf6 4. d3 Bc5 5. Bxc6 dxc6 6. O-O Bg4 7. h3 Bxf3 8.
Qxf3 Nd7 9. Nd2 Qe7 10. Nc4 f6 11. Bd2 b6 12. a3 O-O 13. b4 Bd6 14. Ne3 Kh8 15.
h4 Rf7 16. h5 Nf8 17. a4 Ne6 18. Nf5 Qd7 19. Qh3 Bf8 20. Rfb1 a6 21. b5 cxb5
22. axb5 a5 23. h6 g6 24. Ne3 Rd8 25. Nd5 Nd4 26. Qxd7 Rdxd7 27. c4 Ne6 28. Be3
Kg8 29. Rd1 Bc5 30. Ra2 g5 31. g3 Rf8 32. Bxc5 Nxc5 33. f4 Ne6 34. Rg2 Kh8 35.
Kf2 f5 36. exf5 Rxf5 37. g4 Rf8 38. f5 Nf4 39. Nxf4 exf4 40. d4 Kg8 41. Rh2 Kf7
42. Rh5 Rg8 43. d5 Re7 44. Rc1 a4 45. Ra1 Rge8 46. Rxg5 Re2+ 47. Kf3 R8e3+ 48.
Kxf4 Re4+ 1/2-1/2

[Event "Olimpiada de Khanty-Mansiysk 2010"]
[Site "Khanty-Mansiysk RUS"]
[Date "2010.09.23"]
[Round "3.1"]
[White "Beliavsky, Alexander G"]
[Black "Megaranto, Susanto"]
[Result "1/2-1/2"]
[WhiteElo "2632"]
[BlackElo "2516"]
[PlyCount "158"]
[EventDate "2010.09.21"]
[EventType "team"]
[EventRounds "11"]
[EventCountry "RUS"]
[Source "lmi"]
[SourceDate "2010.09.21"]
[WhiteTeam "Eslovenia"]
[BlackTeam "Indonesia"]
[WhiteTeamCountry "SLO"]
[BlackTeamCountry "INA"]

1. d4 Nf6 2. c4 e6 3. Nc3 Bb4 4. Qc2 O-O 5. a3 Bxc3+ 6. Qxc3 b6 7. Bg5 Bb7 8.
e3 d6 9. Ne2 Nbd7 10. Qc2 c5 11. Rd1 Qc7 12. Nc3 a6 13. Be2 cxd4 14. Rxd4 d5
15. cxd5 Nxd5 16. Bd3 N5f6 17. O-O Qc6 18. f3 b5 19. Rd1 h6 20. Bh4 Rac8 21.
Qd2 Qc5 22. Bf1 Ne5 23. Bxf6 gxf6 24. f4 Ng6 25. Qf2 f5 26. Be2 Kh7 27. Bf3
Bxf3 28. Qxf3 Rc7 29. Kh1 a5 30. e4 b4 31. axb4 axb4 32. Ne2 fxe4 33. Qxe4 Qc2
34. Ng3 b3 35. f5 exf5 36. Qxf5 Qxf5 37. Nxf5 Rc2 38. R4d2 Rxd2 39. Rxd2 Rc8
40. h3 Rc2 41. Rd7 Ne5 42. Re7 Re2 43. Kg1 h5 44. Kf1 Rxb2 45. Rxe5 Ra2 46. Nh4
Ra1+ 47. Kf2 b2 48. Rxh5+ Kg7 49. Rb5 b1=Q 50. Rxb1 Rxb1 51. g4 Rb3 52. Nf3 f5
53. Nd4 Rxh3 54. Nxf5+ Kf6 55. Ne3 Kg5 56. Ke2 Kf4 57. Nc2 Kxg4 58. Kd2 Kf4 59.
Ne1 Ke4 60. Nc2 Rd3+ 61. Ke2 Rd8 62. Ne1 Rh8 63. Kd2 Rh2+ 64. Kc3 Rh3+ 65. Kd2
Rh2+ 66. Kc3 Rf2 67. Nc2 Re2 68. Nb4 Re1 69. Nc2 Rb1 70. Kd2 Rb3 71. Ke2 Rd3
72. Ne1 Re3+ 73. Kd2 Rh3 74. Nc2 Kd5 75. Ne3+ Kd4 76. Nc2+ Ke4 77. Ne1 Rh2+ 78.
Kc3 Re2 79. Nc2 Rxc2+ 1/2-1/2

[Event "Olimpiada de Khanty-Mansiysk 2010"]
[Site "Khanty-Mansiysk RUS"]
[Date "2010.09.23"]
[Round "3.2"]
[White "Purnama, Tirta Chandra"]
[Black "Lenic, Luka"]
[Result "0-1"]
[WhiteElo "2400"]
[BlackElo "2603"]
[PlyCount "76"]
[EventDate "2010.09.21"]
[EventType "team"]
[EventRounds "11"]
[EventCountry "RUS"]
[Source "lmi"]
[SourceDate "2010.09.21"]
[WhiteTeam "Indonesia"]
[BlackTeam "Eslovenia"]
[WhiteTeamCountry "INA"]
[BlackTeamCountry "SLO"]

1. d4 Nf6 2. c4 e6 3. g3 d5 4. Bg2 Bb4+ 5. Bd2 Be7 6. Nf3 O-O 7. O-O c6 8. Qc2
b6 9. Bf4 Bb7 10. Nbd2 Nh5 11. Be3 Nd7 12. Rfd1 Bd6 13. Ng5 Nhf6 14. Bf4 Bxf4
15. gxf4 h6 16. Ngf3 c5 17. dxc5 Nxc5 18. Ne5 Rc8 19. e3 Qe7 20. Rac1 Rfd8 21.
b4 Ncd7 22. Qb2 Nb8 23. cxd5 Bxd5 24. Ndf3 Qb7 25. Rxc8 Rxc8 26. Rc1 Nc6 27.
Nxc6 Rxc6 28. Ne1 Bxg2 29. Nxg2 Rd6 30. Qc2 Qd5 31. Ne1 Qh5 32. Qc8+ Kh7 33.
Qc2+ g6 34. Qc3 Qg4+ 35. Kh1 Qh3 36. Kg1 Ng4 37. Rc2 Rd1 38. b5 Nxh2 0-1

[Event "Olimpiada de Khanty-Mansiysk 2010"]
[Site "Khanty-Mansiysk RUS"]
[Date "2010.09.23"]
[Round "3.3"]
[White "Pavasovic, Dusko"]
[Black "Halay, Taufik"]
[Result "1/2-1/2"]
[WhiteElo "2568"]
[BlackElo "2358"]
[PlyCount "87"]
[EventDate "2010.09.21"]
[EventType "team"]
[EventRounds "11"]
[EventCountry "RUS"]
[Source "lmi"]
[SourceDate "2010.09.21"]
[WhiteTeam "Eslovenia"]
[BlackTeam "Indonesia"]
[WhiteTeamCountry "SLO"]
[BlackTeamCountry "INA"]

1. e4 c5 2. c3 d5 3. exd5 Qxd5 4. d4 Nf6 5. Nf3 Bg4 6. dxc5 Qxd1+ 7. Kxd1 Nc6
8. Be3 e6 9. Nbd2 Nd5 10. Nb3 O-O-O 11. Ke1 Bxf3 12. gxf3 Nxe3 13. fxe3 Ne5 14.
f4 Nd7 15. c6 bxc6 16. Na5 Kc7 17. Bg2 Nb8 18. Ke2 Be7 19. Rhd1 Rxd1 20. Rxd1
Rd8 21. Rxd8 Bxd8 22. b4 h6 23. Bf3 Be7 24. h3 Bd6 25. Nb3 Bf8 26. Kd3 Nd7 27.
Na5 c5 28. a3 e5 29. Bd5 exf4 30. exf4 cxb4 31. axb4 Bd6 32. Ke3 f5 33. Nc6 Nf6
34. Bf3 a6 35. c4 g5 36. fxg5 hxg5 37. c5 Bf4+ 38. Kd3 g4 39. hxg4 fxg4 40. Bg2
g3 41. Nd4 Kb8 42. Nc6+ Kc7 43. Nd4 Kb8 44. Nc6+ 1/2-1/2

[Event "Olimpiada de Khanty-Mansiysk 2010"]
[Site "Khanty-Mansiysk RUS"]
[Date "2010.09.23"]
[Round "3.4"]
[White "Irwanto, Sadikin"]
[Black "Borisek, Jure"]
[Result "1/2-1/2"]
[WhiteElo "2419"]
[BlackElo "2535"]
[PlyCount "130"]
[EventDate "2010.09.21"]
[EventType "team"]
[EventRounds "11"]
[EventCountry "RUS"]
[Source "lmi"]
[SourceDate "2010.09.21"]
[WhiteTeam "Indonesia"]
[BlackTeam "Eslovenia"]
[WhiteTeamCountry "INA"]
[BlackTeamCountry "SLO"]

1. d4 d5 2. Nf3 Nf6 3. c4 e6 4. Nc3 dxc4 5. e3 a6 6. Bxc4 b5 7. Bd3 Bb7 8. Qe2
Nbd7 9. a4 b4 10. Nb1 c5 11. Nbd2 cxd4 12. exd4 a5 13. O-O Be7 14. Nc4 O-O 15.
Bf4 Nb6 16. Rfd1 Nxc4 17. Bxc4 Qb6 18. Ne5 Bd5 19. Rac1 Qb7 20. Bxd5 Nxd5 21.
Qf3 Rfc8 22. Be3 Bd6 23. Nc4 Qd7 24. b3 Bc7 25. Rd3 Rf8 26. Bd2 Rac8 27. g3
Rfd8 28. Bg5 Re8 29. Bd2 h6 30. Qg4 Kh7 31. Qf3 Red8 32. Rd1 Qe7 33. Re1 Rd7
34. Kg2 Rcd8 35. Rd1 Kg8 36. Kg1 Qe8 37. Kg2 Kh8 38. Kg1 Qg8 39. Kh1 Qh7 40.
Kg1 g5 41. Re1 Kg8 42. Bc1 Qg6 43. Bb2 Ne7 44. Rd2 Kh7 45. Red1 Nd5 46. Re1 h5
47. Ne5 Bxe5 48. Rxe5 Rd6 49. Qe2 Re8 50. Rc2 f6 51. Re4 Qf7 52. Rc5 Ra8 53.
Qc2 Kg7 54. Re1 Ra7 55. Rc1 Qg6 56. Qe2 Qf7 57. Rb5 Rb6 58. Rxb6 Nxb6 59. Rc6
Nd5 60. Rxe6 Rc7 61. Qe4 Nc3 62. Qe1 Nd5 63. Qe4 Nc3 64. Qe1 Nd5 65. Qe4 Nc3
1/2-1/2

[Event "Olimpiada de Khanty-Mansiysk 2010"]
[Site "Khanty-Mansiysk RUS"]
[Date "2010.09.23"]
[Round "3.1"]
[White "Pelletier, Yannick"]
[Black "Adly, Ahmed"]
[Result "1/2-1/2"]
[WhiteElo "2592"]
[BlackElo "2630"]
[PlyCount "59"]
[EventDate "2010.09.21"]
[EventType "team"]
[EventRounds "11"]
[EventCountry "RUS"]
[Source "lmi"]
[SourceDate "2010.09.21"]
[WhiteTeam "Suiza"]
[BlackTeam "Egipto"]
[WhiteTeamCountry "SUI"]
[BlackTeamCountry "EGY"]

1. c4 e6 2. d4 Nf6 3. Nf3 b6 4. g3 Bb7 5. Bg2 Bb4+ 6. Bd2 Qe7 7. O-O Bxd2 8.
Qxd2 O-O 9. Nc3 d6 10. Rfe1 c5 11. e4 cxd4 12. Nxd4 Rd8 13. Rad1 Nc6 14. Nd5
Nxd5 15. Nxc6 Bxc6 16. exd5 Bb7 17. dxe6 Bxg2 18. exf7+ Qxf7 19. Kxg2 Qxc4 20.
Re7 Re8 21. Rc1 Qxa2 22. Rxg7+ Kxg7 23. Rc7+ Kg6 24. Qd3+ Kf6 25. Qf3+ Ke5 26.
Rc2 Qa5 27. Qf4+ Kd5 28. Qc4+ Ke5 29. Qf4+ Kd5 30. Qc4+ 1/2-1/2